000 00488cam a2200205ua 4500
001 9060
005 20260515114424.0
008 200227n ii |||gr||||Z||||||asm
020 _a9789380454955
040 _cMAIN
041 _aasm
082 _a782.42162
100 _aGogoi, A.,
_eEditor.
245 _aBihunamar barpera :
_bVol 2 /
_cEdited by A. Gogoi .
250 _a1st.
260 _aGuwahati:
_bAank-bank,
_c2012.
300 _a480p.
653 _aVocal music
942 _cBK
999 _c8143
_d8143